[Event "World School-ch U13"]
[Site "Sochi"]
[Date "2016.12.10"]
[Round "8"]
[White "Stolyarsky, Yegor"]
[Black "Zontov, Dmitry"]
[Result "1-0"]
[WhiteElo "1821"]
[BlackElo "1298"]
[PlyCount "69"]
[EventDate "2016.12.03"]
[EventType "swiss"]
[EventRounds "9"]
[EventCountry "RUS"]
[SourceTitle "EXT 2018"]
[Source "ChessBase"]
[SourceDate "2017.10.13"]
[SourceVersion "1"]
[SourceVersionDate "2017.10.13"]
[SourceQuality "1"]

1. d4 d5 2. Nf3 e6 3. e3 Nd7 4. b3 Ngf6 5. Bd3 c6 6. 0-0 Bd6 7. Bb2 0-0 8. Ne5 Qc7 9. f4 Ne8 10. Nd2 f6 11. Qh5 f5 12. Ndf3 Nef6 13. Qh4 Bxe5 14. dxe5 Ng4 15. Ng5 h6 16. Nxe6 Qb6 17. Nxf8 Qxe3+ 18. Kh1 Nxf8 19. h3 g5 20. Qe1 gxf4 21. hxg4 fxg4 22. Qxe3 fxe3 23. Rae1 d4 24. Bxd4 Ne6 25. Bc4 b5 26. Bxe6+ Bxe6 27. Rf6 Re8 28. Bxe3 h5 29. Ref1 h4 30. Bc5 Kg7 31. Rf8 Rxf8 32. Bxf8+ Kh7 33. Rf6 Bd5 34. Kh2 g3+ 35. Kh3 1-0

[Event "World School-ch U13"]
[Site "Sochi"]
[Date "2016.12.04"]
[Round "2"]
[White "Zontov, Dmitry"]
[Black "Erokhin, Artem"]
[Result "0-1"]
[WhiteElo "1298"]
[BlackElo "1613"]
[PlyCount "42"]
[EventDate "2016.12.03"]
[EventType "swiss"]
[EventRounds "9"]
[EventCountry "RUS"]
[SourceTitle "EXT 2018"]
[Source "ChessBase"]
[SourceDate "2017.10.13"]
[SourceVersion "1"]
[SourceVersionDate "2017.10.13"]
[SourceQuality "1"]

1. c4 e5 2. g3 Nf6 3. Bg2 Nc6 4. Nc3 Be7 5. Nf3 0-0 6. d4 exd4 7. Nxd4 Ne5 8. b3 Bc5 9. 0-0 d6 10. Nf3 Nfg4 11. e3 Qf6 12. Nxe5 Nxe5 13. Rb1 Bg4 14. f3 Bf5 15. Rb2 Nd3 16. Nd5 Qe6 17. Nxc7 Nxb2 18. Nxe6 Nxd1 19. Nxf8 Nxe3 20. Bxe3 Bxe3+ 21. Kh1 Kxf8 0-1